Statistics for US TV shows big in the UK in 70s-90s (PICTURE QUIZ)

Click here to take the quiz!

General Stats

  • This quiz has been taken 292 times
  • The average score is 9 of 15

Answer Stats

Answer% Correct
Friends
96%
Charlies Angels
86%
MASH
84%
Happy Days
79%
Starsky and Hutch
77%
The Dukes of Hazzard
75%
Kojak
74%
Dallas
67%
Seinfeld
66%
Ironside
61%
Fantasy Island
49%
The Six Million Dollar Man
38%
Cannon
28%
The Invisible Man
6%
Serpico
4%

Score Distribution

Percentile by Number Answered

Percent of People with Each Score

Your Score History

You have not taken this quiz